| 000 | 00424nam a22001577a 4500 | ||
|---|---|---|---|
| 008 | 250325b |||||||| |||| 00| 0 eng d | ||
| 020 | _a9780323832847 | ||
| 050 |
_aRC78.4 _b.R65 |
||
| 100 | _aRollins Jeannean Hall | ||
| 245 | _aMerrill's atlas of radiographic Positioning & procedures | ||
| 250 | _a15th | ||
| 260 |
_aMissouri _bElsevier _c2023 |
||
| 300 | _av,598p | ||
| 650 | _aRadiography Medical posting | ||
| 942 | _cBK | ||
| 999 |
_c2671 _d2671 |
||